• 首页
  • 本馆介绍
  • 公告通知
  • 最新文献
  • 馆藏检索
  • 电子资源
  • 读者导购
  • 参考咨询
  • 我的图书馆
  • 登录
  • 详细信息显示
  • 放入我的书架
  • 预约/预借图书
  • 作者相关作品
  • 分类相关作品
  • 丛书相关作品
  • 出版社相关作品

书目信息

  • 表格格式
  • 工作单格式
  • 卡片格式
题名:
生产管理与电子计算机
    
 
作者: 谢林 , 贾凤和 编著
分册:  
出版信息: 西安   陕西科学技术出版社  1980
页数: 426页
开本: 19cm
丛书名:
单 册:
中图分类: F406.2
科图分类:
主题词: 生产管理-计算机应用 , 计算机应用-生产管理
电子资源:
ISBN:
000 00713nam0 2200253 45
001 0180002533
005 20060704165209.90
010    @dCNY1.40
091    @a15202.17
100    @a19950415d1980 em y0chiy0121 ea
101 0  @achi
102    @aCN@b610000
105    @ay z 000yy
200 10 @a生产管理与电子计算机@Asheng chan guan li yu dian zi ji suan ji@e线性规划部分@f贾凤和,谢林编著
210    @a西安@c陕西科学技术出版社@d1980
215    @a426页@d19cm
606    @a生产管理-计算机应用
606    @a计算机应用-生产管理
690    @aF406.2@v3
701  0 @a谢林@Axie lin@4编著
701  0 @a贾凤和@Ajia feng he@4编著
801  2 @aCN@bNLC@c20060704
801  0 @aCN@bTSSF
905    @a10447@dF406.2@e86
    
    生产管理与电子计算机:线性规划部分/贾凤和,谢林编著.-西安:陕西科学技术出版社,1980
    426页;19cm
    
    
    ISBN :CNY1.40
    
●
相关链接 在E读中查询图书 在五车中查询图书 在当当中查询图书 在豆瓣中查询图书


正题名:生产管理与电子计算机     索取号:F406.2/86         预约/预借

序号 登录号 条形码 馆藏地/架位号 状态 备注
1 0421544   204215447   密集书库/ [索取号:F406.2/86] 在馆    
唐山师范学院图书馆 欢迎您!
大连网信软件有限公司© 版权所有